| 000 | 00811nam a2200217 a 4500 | ||
|---|---|---|---|
| 001 | 40210 | ||
| 003 | BD-RjUL | ||
| 005 | 20211209053149.0 | ||
| 008 | 160424s1945 ii ||||| |||| 00| 0 ben d | ||
| 035 | _a(BD-RjUL)40325 | ||
| 040 |
_aBD-RjUL _bben _cBD-RjUL |
||
| 041 | _aben | ||
| 082 |
_223 _a891.443 _bGOA 1945 |
||
| 100 |
_aগঙ্গোপাধ্যায়, উপেন্দ্রনাথ _9123832 |
||
| 245 | 1 | 0 |
_aঅস্তরাগ / _cউপেন্দ্রনাথ গঙ্গোপাধ্যায় |
| 260 |
_aকলিকাতা : _bডি.এম. লাইব্রেরী, _c১৯৪৫ |
||
| 300 |
_a২৮৬ পৃ. ; _c১৭ সেমি |
||
| 650 |
_aবাংলা উপন্যাস _9123833 |
||
| 650 |
_aBengali Fiction _9123834 |
||
| 942 |
_2ddc _cBK |
||
| 999 |
_c40210 _d40210 |
||